| 000 | 00852nam a2200265 i 4500 | ||
|---|---|---|---|
| 001 | bg | ||
| 245 | 0 | 0 |
_aSubsurface microbiology and biogeochemistry / _ced. by James K. Fredrickson, Madilyn Fletcher. |
| 260 |
_aNew York [etc.] : _bWiley-Liss, _c2001. |
||
| 300 |
_aIX, 341 s. : _bil. ; _c24 cm. |
||
| 490 | 1 | _aWiley Series in Ecological and Applied Microbiology | |
| 504 | _aBibliogr. - Indeks. | ||
| 650 | 9 | _aGeomikrobiologia | |
| 650 | 9 | _aBiogeochemia | |
| 700 | 1 | _aFREDRICKSON, James K. | |
| 700 | 1 | _aFLETCHER, Madilyn | |
| 830 | _aWiley Series in Ecological and Applied Microbiology | ||
| 020 | _a047131577X | ||
| 040 | _cBPK | ||
| 041 | 0 | _aen | |
| 080 | _a550.4:579.6:574.2 | ||
| 920 | _a0-471-31577-X | ||
| 942 | _cKS | ||
| 008 | s pl f |000 0 pol | ||
| 999 |
_c39894 _d39894 |
||
| 856 |
_uhttp://koha.tu.koszalin.pl/cgi-bin/koha/opac-detail.pl?biblionumber=39894 _yKatalog online BPK |
||